000 01361cam a2200265 a 4500
005 20251007124923.0
020 _a9780761935926(PB)
_cTZS 9,870.58/=
020 _a9788178297538(India-BP)
040 _aMCCL
_beng.
_eAACR 2nd rev. ed.
082 0 0 _a338.5 DAS
100 1 _aDas, Satya P.
245 1 0 _aMicroeconomics for business /
_cSatya P. Das.
260 _aLos Angeles :
_bSAGE,
_cc2007.
300 _a371 p. :
_bill. ;
_c25 cm.
500 _a"SAGE texts"--Cover.
504 _aIncludes bibliographical references and index.
505 0 _aSetting norms -- Introduction -- Demand -- Supply -- Consumer behaviour -- Applications of consumer theory -- Demand estimation and forecasting -- Demand for assets -- Types of firms, their goal and production -- Costs of production and the financing of a firm -- Profit-maximisation, perfect competition and the supply curve -- Demand, supply and market equilibrium -- Optimality of a competitive market structure, market failure and corrective measures -- Game theory and economic applications -- Monopoly -- Monopolistic competition and oligopoly -- Factor markets.
546 _aeng.
650 0 _aManagerial economics.
650 0 _aMicroeconomics.
650 0 _aManagerial economics
_zIndia.
700 _aDas. S. P.
856 4 1 _uhttp://www.loc.gov/catdir/toc/ecip0725/2007035314.html
942 _cBK
999 _c12228
_d12228